000 00618nam a2200229 4500
003 OSt
005 20260601170957.0
008 260421b1971\\\\xxu\||||\||||\00|\0\eng\d
020 _a0521074479
040 _aICI
_bspa
_cICI
050 4 _aTA 174
_bG55
100 1 _aGlegg, Gordon Lindsay
245 1 _aThe Design of design /
_cGordon L. Glegg
260 _aCambridge ;
_bThe University,
_c1971
264 _bCambridge
_c1971
300 _a93 páginas
_c22cm.
336 _atexto
_2rdacontent
337 _asin medio
_2rdamedia
338 _avolumen
_2rdacarrier
650 0 _aDiseño en ingeniería
942 _2lcc
_cB
999 _c19888
_d19888